000 00909nam a2200253Ia 4500
003 OSt
005 20221005112744.0
006 a|||||r|||| 00| 0
007 ta
008 221004b |||||||| |||| 00| 0 pan d
020 _a8182990718
_c150
024 _a117628
037 _b595, 09/02/2012, H.K. Prakashan
_cTextual
040 _aCRL
_cCRL
_bpan
041 _2pan
_apan
082 _aO153:g, L7;P7.2
100 _aਨੂਰ, ਸੁਤਿਦਰ ਸਿੰਘ, ਥਦ।
_9624402
245 0 _aਨਵੀ੍ਵ ਪੰਜਾਬੀ ਆਲੋਚਨਾ
260 _aਦਿੱਲੀ
_bਆਰਸੀ ਪਬਲਿਕੇਨਗ਼ ਭਾਰਤ
_c2007
300 _a136ਪੰ
_ccm.
650 _aਪੰਜਾਬੀ ਸਾਹਿਤ
942 _hO153:g, L7;P7.2
_cTEXL
_2cc
999 _c1025881
_d1025881